000 00976nam a22003137a 4500
001 BR7503207
003 BR-BrBNA
005 20230928084806.0
007 ta
008 230509b bl.||||| |||| 00| 0 por d
040 _aBR-BrBNA
_bpor
_cBiblioteca Nacional de Agricultura
041 _a(Por)
072 _aF00
_b2120
_b/G514
090 _ 2120 BR7503207
100 1 _aSchattan, S.
100 1 _aGil, F.B.D.
100 1 _aBordin, E.
100 1 _aTago, N.
100 1 _aSouza, N.
110 1 _aSecretaria da Agricultura, Curitiba, PR (Brasil)
_98367
245 1 _aAlgumas caracteristicas da infraestrutura de producao e da tecnologia empregada na cafeicultura do Parana [Brasil]
260 3 _aCuritiba, PR (Brasil):
_c1975.
500 _a(*) Documento disponível no(a) Secretaria de Estado da Agricultura, Curitiba, PR (Brazil)
650 _aPRODUCAO VEGETAL
650 _aCAFE
650 _aPARANA
909 _a202309
_bLucia
_c55
_dLucia Elande
942 _cBK
999 _c21126
_d21126